Catálogo
 En Linea

Historia social de la dominación haitiana, 1822-1844 / (Registro nro. 59474)

Detalles MARC
000 -CABECERA
campo de control de longitud fija 02774nam a2200409 i 4500
003 - IDENTIFICADOR DEL NÚMERO DE CONTROL
campo de control DO-SdBNP
005 - FECHA Y HORA DE LA ÚLTIMA TRANSACCIÓN
campo de control 20251103103423.0
007 - CAMPO FIJO DE DESCRIPCIÓN FÍSICA--INFORMACIÓN GENERAL
campo de control de longitud fija ta
008 - DATOS DE LONGITUD FIJA--INFORMACIÓN GENERAL
campo de control de longitud fija 250709b2025 dr ac||| |||| 00| 0 spa d
020 ## - NÚMERO INTERNACIONAL ESTÁNDAR DEL LIBRO
Número Internacional Estándar del Libro 9789945945331
040 ## - FUENTE DE LA CATALOGACIÓN
Centro catalogador/agencia de origen DO-SdBNP
Lengua de catalogación spa
Centro/agencia transcriptor BNPHU
Normas de descripción rda
041 ## - CÓDIGO DE LENGUA
Código de lengua del texto/banda sonora o título independiente spa
082 #4 - NÚMERO DE LA CLASIFICACIÓN DECIMAL DEWEY
Número de clasificación 972.0304
Número de documento/Ítem B333h
Número de edición 22
100 ## - ENTRADA PRINCIPAL--NOMBRE DE PERSONA
Nombre de persona Batista Lemaire, Olivier,
Término indicativo de función/relación autor
Código de función/relación aut.
9 (RLIN) 43251
245 10 - MENCIÓN DE TÍTULO
Título Historia social de la dominación haitiana, 1822-1844 /
Mención de responsabilidad, etc. Olivier Batista Lemaire ; corrección de estilo, Aimara Vera, cuidado de la edición y fotografías, José Chez Checo ; presentación, Juan Daniel Balcácer.
250 ## - MENCIÓN DE EDICIÓN
Mención de edición Primera edición
264 #4 - PRODUCCIÓN, PUBLICACIÓN, DISTRIBUCIÓN, FABRICACIÓN Y COPYRIGHT
Producción, publicación, distribución, fabricación y copyright Santo Domingo :
Nombre del de productor, editor, distribuidor, fabricante Academia Dominicana de la Historia,
Fecha de producción, publicación, distribución, fabricación o copyright ©2025.
300 ## - DESCRIPCIÓN FÍSICA
Extensión 497 páginas :
Otras características físicas ilustraciones, retratos ;
Dimensiones 23 cm.
336 ## - TIPO DE CONTENIDO
Término de tipo de contenido texto
Código de tipo de contenido txt
Fuente rdacontent
337 ## - TIPO DE MEDIO
Nombre/término del tipo de medio sin mediación
Código del tipo de medio n
Fuente rdamedia
338 ## - TIPO DE SOPORTE
Nombre/término del tipo de soporte volumen
Código del tipo de soporte nc
Fuente rdacarrier
490 1# - MENCIÓN DE SERIE
Mención de serie Archivo General de la Nación
Designación de volumen o secuencia 540
490 1# - MENCIÓN DE SERIE
Mención de serie Academia Dominicana de la Historia
Designación de volumen o secuencia 171
500 ## - NOTA GENERAL
Nota general Incluye referencias bibliográficas y notas al pie de las páginas
500 ## - NOTA GENERAL
Nota general Incluye datos biográficos del autor en la solapa de la cubierta
500 ## - NOTA GENERAL
Nota general Incluye índice onomástico
504 ## - NOTA DE BIBLIOGRAFÍA, ETC.
Nota de bibliografía, etc. Bibliografía : páginas 461-470
505 ## - NOTA DE CONTENIDO CON FORMATO
Nota de contenido con formato Presentación, 11 -- Introducción, 17 -- Capítulo 1. La invasión de Toussaint Louverture a Santo Domingo: dictadura agraria y rechazo, 27 -- Capítulo 2. Jean Pierre Boyer y el grupo socioétnico mulato: biografía social y contexto político-militar, 61 Capítulo 3. -- El poder militar haitiano y la relegación social de los hispano-dominicanos, 81 -- Capítulo 4. Acción de resistencia y protestas de los hispano-dominicanos contra las arbitrariedades y vejámenes militares, 225 -- Capítulo 5. La élite civiles hispano-dominicana: posiciones sociales ancilares y/o exilio protestatario, 179 -- Capítulo 6. La cuestión esclava: de la abolición de la esclavitud a la servidumbre, 265 -- Capítulo 7. La ley del 8 lulio de 1824: expropiaciones y resistencia popular hispano-dominicana, 301 -- Capítulo 8. La repartición de tierras por Jean Pierre Boyer: de la ficción a la realidad, 425 -- Capítulo 9. El código rural de 1826: una opción coercitiva para aumentar la producción, 443 --
590 ## - NOTA LOCAL (RLIN)
Nota local Inventariado, 2025 /LP
651 #4 - PUNTO DE ACCESO ADICIONAL DE MATERIA--NOMBRE GEOGRÁFICO
Nombre geográfico República Dominicana
Subdivisión general Historia
Subdivisión cronológica Ocupación haitiana, 1822-1844
9 (RLIN) 78065
651 #4 - PUNTO DE ACCESO ADICIONAL DE MATERIA--NOMBRE GEOGRÁFICO
Nombre geográfico República Dominicana
Subdivisión general Política y gobierno
Subdivisión cronológica Ocupación haitiana, 1822-1844
9 (RLIN) 78065
700 1# - PUNTO DE ACCESO ADICIONAL--NOMBRE DE PERSONA
Nombre de persona Chez Checo. José,
Término indicativo de función/relación editor
Código de función/relación ed.
9 (RLIN) 80381
700 1# - PUNTO DE ACCESO ADICIONAL--NOMBRE DE PERSONA
Nombre de persona Chez Checo. José,
Término indicativo de función/relación editor
Código de función/relación ed.
9 (RLIN) 80381
700 1# - PUNTO DE ACCESO ADICIONAL--NOMBRE DE PERSONA
Nombre de persona Balcácer, Juan Daniel,
Término indicativo de función/relación presentador
Código de función/relación pr.
9 (RLIN) 88292
910 ## - DATOS DE OPCIÓN DEL USUARIO (OCLC)
Datos de opción del usuario LP/Validado. Control de calidad MFF
942 ## - ELEMENTOS DE PUNTO DE ACCESO ADICIONAL (KOHA)
Fuente del sistema de clasificación o colocación Dewey Decimal Classification
Tipo de ítem Koha Libro
Existencias
Estado de retiro Estado de pérdida Fuente del sistema de clasificación o colocación Restricciones de uso No para préstamo Código de colección Localización permanente Ubicación/localización actual Ubicación en estantería Fecha de adquisición Fuente de adquisición Total de préstamos Signatura topográfica completa Código de barras Fecha visto por última vez Precio válido a partir de Tipo de ítem Koha Número de copia
    Dewey Decimal Classification Excluido de préstamo   Patrimonio Dominicano Biblioteca Nacional Pedro Henríquez Ureña Biblioteca Nacional Pedro Henríquez Ureña Depósito 23.05.2025 Depósito Legal   BNPHU PD 972.9304 B333h 2025-6359 09.07.2025 09.07.2025 Libro  
    Dewey Decimal Classification Excluido de préstamo   Patrimonio Dominicano Biblioteca Nacional Pedro Henríquez Ureña Biblioteca Nacional Pedro Henríquez Ureña Depósito 23.05.2025 Depósito Legal   BNPHU PD 972.9304 B333h 2025-6360 09.07.2025 09.07.2025 Libro e.2
    Dewey Decimal Classification Préstamo en sala   Dominicana de Servicio Biblioteca Nacional Pedro Henríquez Ureña Biblioteca Nacional Pedro Henríquez Ureña Depósito 23.05.2025 Depósito Legal   BNPHU DS 972.9304 B333h 2025-6361 09.07.2025 09.07.2025 Libro e.3
    Dewey Decimal Classification Préstamo en sala   Dominicana de Servicio Biblioteca Nacional Pedro Henríquez Ureña Biblioteca Nacional Pedro Henríquez Ureña Depósito 03.11.2025 Donación   BNPHU DS 972.0304 B333h 2025-12343 03.11.2025 03.11.2025 Libro e.4

Con tecnología Koha